Statistics for Most expensive football transfers - Portuguese players

Click here to take the quiz!

General Stats

  • This quiz has been taken 31 times
  • The average score is 8 of 10

Answer Stats

Fee (M €)SeasonLeftJoinedPlayer% Correct
117,002018-2019Real MadridJuventusCristiano Ronaldo
100%
94,002009-2010Manchester UnitedReal MadridCristiano Ronaldo
100%
127,202019-2020BenficaAtlético MadridJoão Félix
93%
65,002019-2020Sporting CPManchester UnitedBruno Fernandes
90%
71,602020-2021BenficaManchester CityRúben Dias
90%
60,002000-2001BarcelonaReal MadridLuís Figo
87%
65,002019-2020JuventusManchester CityJoão Cancelo
83%
62,002023-2024WolverhamptonManchester CityMatheus Nunes
70%
65,002023-2024BenficaParis SGGonçalo Ramos
67%
60,002023-2024FC PortoAl-NassrOtávio
60%

Score Distribution

Percentile by Number Answered

Percent of People with Each Score

Your Score History

You have not taken this quiz